Normal view MARC view
  • Kamu Ve Özel Kuruluşlarla Orta Öğretimde, Üniversitelerde El Sanatlarına Yaklaşım Ve Sorunları Sempozyumu

Entry Meeting Name

Number of records used in: 1

001 - CONTROL NUMBER

  • control field: 51456

003 - CONTROL NUMBER IDENTIFIER

  • control field: TR-AnTOB

005 - DATE AND TIME OF LATEST TRANSACTION

  • control field: 20181130090439.0

008 - FIXED-LENGTH DATA ELEMENTS

  • fixed length control field: 161230n|eacannaab| |a aaa

040 ## - CATALOGING SOURCE

  • Original cataloging agency: TR-AnTOB
  • Transcribing agency: TR-AnTOB

111 ## - HEADING--MEETING NAME

  • Meeting name or jurisdiction name as entry element: Kamu Ve Özel Kuruluşlarla Orta Öğretimde, Üniversitelerde El Sanatlarına Yaklaşım Ve Sorunları Sempozyumu
  • Date of meeting: (1992 :
  • Location of meeting: İzmir, Turkey)
Devinim Yazılım Eğitim Danışmanlık tarafından Koha'nın orjinal sürümü uyarlanarak geliştirilip kurulmuştur.